New long-range economic plan of Japan

Kaydedildi:
Detaylı Bibliyografya
Materyal Türü: Kitap
Dil:Undetermined
Baskı/Yayın Bilgisi: Tokyo Japan Ecafe Association 1961
Konular:
Etiketler: Etiketle
Etiket eklenmemiş, İlk siz ekleyin!
Thư viện lưu trữ: Trung tâm Học liệu Trường Đại học Cần Thơ
LEADER 00421nam a2200157Ia 4500
001 CTU_79454
008 210402s9999 xx 000 0 und d
082 |a 330.9 
082 |b N532 
245 0 |a New long-range economic plan of Japan 
260 |a Tokyo 
260 |b Japan Ecafe Association 
260 |c 1961 
650 |a Economic condition 
650 |z Japan 
980 |a Trung tâm Học liệu Trường Đại học Cần Thơ